La jurisdicción voluntaria (Registro nro. 91673)

Detalles MARC
000 -ENCABEZADO
Número de control [NR] 00793nam a22002297a 4500
008 - DE LONGITUD FIJA DE DATOS DE ELEMENTOS - INFORMACIÓN GENERAL
Elementos de longitud fija [NR] 130821s2001 sp gr spa
020 ## - NUMERO INTERNACIONAL NORMALIZADO PARA LIBROS [R]
Número Internacional Normalizado del libro [NR] 8447016978
040 ## - FUENTE DE CATALOGACION [NR]
Agencia de catalogación original [NR] Co-BoUCM
Idioma de catalogación [NR] spa
041 00 - CODIGO DE IDIOMA [R]
Código de idioma para texto/pista de sonido o título separado [R] Español
100 1# - ASIENTO PRINCIPAL--NOMBRE PERSONAL [NR]
Nombre personal [NR] Fernandez De Bujan, Antonio.
ID Autoridad 171711
245 13 - MENCION DE TITULO [NR]
Título [NR] La jurisdicción voluntaria
Mención de responsabilidad, etc. [NR] Antonio Fernández de Buján.
260 ## - PUBLICACION, DISTRIBUCION, ETC. (PIE DE IMPRENTA) [R]
Lugar de publicación, distribución, etc. [R] Madrid (España)
Nombre del editor, distribuidor, etc. [R] Civitas
Fecha de publicación, distribución, etc. [R] 2001
300 ## - DESCRIPCION FISICA [R]
Extensión [R] 224 páginas
490 ## - MENCION DE SERIE [R]
Mención de serie [R] Monografías Civitas.
504 ## - NOTA DE BIBLIOGRAFIA, ETC. [R]
Nota de bibliografía, etc. [NR]
650 04 - ASIENTO SECUNDARIO DE MATERIA - TERMINO TEMATICO [R]
Término temático o nombre geográfico como elemento de entrada [NR] Derecho comparado
Subdivisión geográfica [R] España
9 (RLIN) 12722
650 04 - ASIENTO SECUNDARIO DE MATERIA - TERMINO TEMATICO [R]
Término temático o nombre geográfico como elemento de entrada [NR] Derecho
Subdivisión general [R] Historia
Subdivisión geográfica [R] España
9 (RLIN) 41229
650 04 - ASIENTO SECUNDARIO DE MATERIA - TERMINO TEMATICO [R]
Término temático o nombre geográfico como elemento de entrada [NR] Jurisdicción no contenciosa
Subdivisión geográfica [R] España
9 (RLIN) 18171
650 04 - ASIENTO SECUNDARIO DE MATERIA - TERMINO TEMATICO [R]
Término temático o nombre geográfico como elemento de entrada [NR] Jurisdicción voluntaria
Subdivisión geográfica [R] España
9 (RLIN) 18174
942 ## - ELEMENTOS DE ENTRADA AGREGADOS (KOHA)
Tipo de ítem principal el descrito en 300a Libro
Tema principal Derecho
Edición 1
Parte restante de la signatura top. F363j
Sistema de clasificación DEWEY
Clasificación 348.46
Existencias
Fecha de último préstamo Total préstamos Total Renewals Signatura topográfica Código de barras Última vez visto Ejemplar Price effective from Tipo de ítem Perdido Sistema de clasificación Dañado No prestable Tipo de ítem específico Suprimido Ubicación habitual Ubicación actual Localización Fecha de creación Forma de adquisición Costo
31/08/2019 7 1 348.46 F363j 100069804 09/12/2025 Ej.1 03/02/2013 Libro   DEWEY     Libro   Claustro Claustro 3er piso 28/02/2004 Compra 195000.00